000 00365nam a22001337a 4500
003 SGT
020 _a9789384280321
082 _a891.4309
_bA17S
100 _aशर्मा, मालती राय
245 _aअभिव्यक्ति
260 _bसंवाद मीडिया प्रा. लि.
_c2017
300 _a120
942 _2ddc
_cBK
999 _c29915
_d29915